00311nam a22000977a 4500100003000000245009500030260004900125300000900174650001900183650001100202 aYapa Abeywardana,Maheeshi aComparison of Insoluble and Soluble Dietary Fibers of Banana from four different varieties aColombobinstitute of Chemistry Ceylonc2012 a37 p aDietary fibers aBanana